Rammstein titles in english - Statistics

General Stats
  • This quiz has been taken 361 times
  • The average score is 19 of 25
Answer Stats
English title Original title % Correct
Germany Deutschland
99%
You have Du hast
99%
Sun Sonne
99%
Angel Engel
96%
I want Ich will
96%
Mother Mutter
95%
Fat tits Dicke Titten
88%
My part Mein Teil
87%
My heart burns Mein Herz brennt
86%
Time Zeit
82%
Foreigner Ausländer
79%
Play with me Spiel mit mir
79%
What i love Was ich liebe
79%
Animal Tier
77%
You smell so good Du riechst so gut
76%
Fear Angst
71%
More Mehr
71%
Danube children Donaukinder
70%
My tears Meine Tränen
68%
I hurt you Ich tu dir weh
67%
Marry me Heirate mich
65%
Lies Lügen
61%
Show yourself Zeig dich
59%
Fog Nebel
53%
Hermaphrodite Zwitter
41%
No matching quizzes found
Score Distribution
Percent of People with Each Score
Percentile by Number Answered
Your Score History
You have not taken this quiz